Statistics for Taylor Swift Album By Picture

Click here to take the quiz!

General Stats

  • This quiz has been taken 62 times
    (52 since last reset)
  • The average score is 14 of 15

Answer Stats

Answer% Correct
Evermore
98%
Lover
98%
Red
98%
1989
96%
1989 (Taylor's Version)
96%
Fearless
96%
Fearless (Taylor's Version)
96%
Folklore
96%
Midnights
96%
Red (Taylor's Version)
96%
Reputation
96%
Taylor Swift
96%
Speak Now
94%
Speak Now (Taylor's Version)
94%
The Tortured Poets Department
90%

Score Distribution

Percentile by Number Answered

Percent of People with Each Score

Your Score History

You have not taken this quiz since the last reset